Score 0/48 Timer 10:00
0 Plays Today
% Correct
Incredible Hulk
91.6%
Pac-Man
91.5%
R2D2
87.9%
Mickey Mouse
81.2%
Batman
79.5%
Waldo
78.6%
Rudolph
76.6%
Luigi
76.6%
Sylvester
76%
Winnie the Pooh
75.8%
Fred Flintstone
75.2%
Pikachu
73.4%
The Mask
72.5%
Colonel Sanders
72.5%
Jolly Green Giant
72%
Zorro
70.8%
Groucho Marx
70.5%
Cruella De Vil
70.5%
Elvis Presley
63.6%
Hannibal Lecter
62.6%
Jason Voorhees
62.4%
Wolfgang Amadeus Mozart
61.1%
Walter White
59.4%
Groot
58.3%
% Correct
Lady Gaga
57.3%
Morgan Freeman
56.9%
Salvador Dalí
56.4%
Marvin the Martian
55.5%
Winston Churchill
54.1%
Kanye West
52.6%
Che Guevara
50.5%
The Dude
50.2%
Mike Tyson
47.6%
Andy Warhol
44.8%
Aang
42.1%
Lord Voldemort
37.3%
Sigmund Freud
35.5%
Finn the Human
33.2%
Frank Zappa
32.7%
Vlad the Impaler
31.1%
Duke Nukem
21.5%
Lemmy Kilmister
21%
Elmo
17.6%
Steve Zissou
17.4%
Muammar Gaddafi
14.1%
Borat Sagdiyev
13.1%
Mr. Bump
12.6%
Count Orlok
9%

You're not logged in!

Compare scores with friends on all Sporcle quizzes.
OR
Log In

Sporcle TV

Today on Sporcle TV


Watch our educational content, quiz creation guides, and fun videos on Sporcle TV.

Show Comments

Extras

Top Quizzes Today


Score Distribution

Paid Content

Your Account Isn't Verified!

In order to create a playlist on Sporcle, you need to verify the email address you used during registration. Go to your Sporcle Settings to finish the process.

Report this User

Report this user for behavior that violates our Community Guidelines.

Details: